[Event "BRA-ch U18 Girls"]
[Site "Aracaju"]
[Date "2024.05.23"]
[Round "4"]
[White "Lima, Ana Beatriz Castro"]
[Black "Alves, Sarah Cristina Dos"]
[Result "1-0"]
[WhiteElo "1790"]
[BlackElo "1611"]
[PlyCount "111"]
[EventDate "2024.05.22"]
[EventType "swiss"]
[EventRounds "6"]
[EventCountry "BRA"]
[SourceTitle "CBM 220 Extra"]
[Source "ChessBase"]
[SourceDate "2024.07.31"]
[SourceVersion "1"]
[SourceVersionDate "2024.07.31"]
[SourceQuality "1"]

1. e4 c5 2. Nf3 d6 3. d4 cxd4 4. Nxd4 Nf6 5. Nc3 a6 6. Bg5 e6 7. f4 Be7 8. Qf3 Nbd7 9. Bc4 b5 10. Bxe6 Nc5 11. Bxc8 Rxc8 12. 0-0-0 0-0 13. Nf5 Qc7 14. Bxf6 Bxf6 15. Nd5 Bxb2+ 16. Kb1 Qa5 17. Nfe7+ Kh8 18. Nxc8 Rxc8 19. Kxb2 Na4+ 20. Kb1 Nc3+ 21. Nxc3 Rxc3 22. Rd3 Qb4+ 23. Kc1 Rc8 24. Rb3 Qd4 25. Kb1 Qc4 26. Qd3 Qc7 27. Rc1 Kg8 28. c4 Kf8 29. Qc2 bxc4 30. Rc3 Qb6+ 31. Qb2 Qa7 32. Rxc4 Re8 33. Rc7 Qe3 34. Qb3 Qxe4+ 35. R1c2 Qxf4 36. Rc8 Qf5 37. Rxe8+ Kxe8 38. Qb8+ Ke7 39. Qc7+ Ke8 40. Qc8+ Qxc8 41. Rxc8+ Ke7 42. Ra8 f5 43. Rxa6 Ke6 44. a4 Ke5 45. Ra8 d5 46. a5 d4 47. Kc2 g5 48. Kd3 f4 49. a6 g4 50. Re8+ Kf5 51. a7 f3 52. gxf3 gxf3 53. a8Q f2 54. Qf3+ Kg5 55. Rg8+ Kh4 56. Qg4# 1-0